000 00723 a2200217 4500
999 _c4776
_d4776
010 _aENG-86546
020 _a8180381188
_c375.00
035 _aEN-70079
037 _bDBAD / PUB
082 1 4 _a345.54
245 1 _aPSA Pillai's criminal law /
_cedited by V. suresh [and] D. Nagasaila
250 _arev. ed
260 _aNew Delhi
_bLexis Nexis
_c2006
270 _a14th Floor, Vijaya Building, 17 Barakhamba Road,
_bNew Delhi
_e110 001
_k011-23739614-16
_l011-23326456
_mcustomer.care@lexisnexis.co.in
300 _alx, 990 p
_c23cm (Pbk)
490 _aLexis Nexis Student Series
500 _aincludes index
700 1 _aSuresh, V.
700 1 _aNagasaila, D.
942 _adpl
_cEN
_2ddc
_h345.54
_mPSA